Resolución técnica 53. Normas de Auditoría, Revisión, Otros Encargos de Aseguramiento, Certificaciones, Servicios Relacionados e Informes de Cumplimiento (Registro nro. 10488)

Detalles MARC
000 -LEADER
fixed length control field 00490 a2200121 4500
001 - CONTROL NUMBER
control field ART_56379
005 - DATE AND TIME OF LATEST TRANSACTION
control field 20260410161609.0
008 - FIXED-LENGTH DATA ELEMENTS--GENERAL INFORMATION
fixed length control field 260409a
100 1# - MAIN ENTRY--PERSONAL NAME
Personal name Oubiña, Gabriel H.
245 10 - TITLE STATEMENT
Title Resolución técnica 53. Normas de Auditoría, Revisión, Otros Encargos de Aseguramiento, Certificaciones, Servicios Relacionados e Informes de Cumplimiento
700 1# - ADDED ENTRY--PERSONAL NAME
Personal name Faccendini, Yanina C.
773 0# - HOST ITEM ENTRY
Title Profesional & Empresaria
Related parts - Año XXIII, Nº 273 (jun. 2022)
Record control number REV70

No hay ítems disponibles.